000 00660nam a2200181Ia 4500
003 GCL
008 140319s9999 xx 000 0 ara d
040 _aGCL /
_cGCL
082 0 4 _aق
_b962.02
_bس ت
100 1 _aسليم البستانى
245 1 0 _aتاريخ نابليون بونابرت فى مصر وسوريا: نقلا عن تاريخ فرنسا الحديث /
_cسليم البستانى
300 _a200 ص
490 _aالهيئة العامة للاستعلامات
_v0
650 0 4 _aالتاريخ
650 0 4 _aنابليون بونابرت
650 0 4 _aمصر - تاريخ - العصر الحديث (1805 - 1956 )
942 _2ddc
_cBK
999 _c49756
_d49756